书目信息 |
| 题名: |
机械原理辅导与习题
|
|
| 作者: | 申永胜 主编 | |
| 分册: | ||
| 出版信息: | 北京 清华大学出版社 2000.04 |
|
| 页数: | 254页 | |
| 开本: | 16开 | |
| 丛书名: | ||
| 单 册: | ||
| 中图分类: | TH111-44 | |
| 科图分类: | ||
| 主题词: | 机构学 | |
| 电子资源: | ||
| ISBN: | 7-302-03716-7 | |
| 000 | 00564nam0 2200193 45 | |
| 001 | 0006251048 | |
| 005 | 20000625103841.3 | |
| 010 | @a7-302-03716-7@d16.00元 | |
| 100 | @a20000625d2000 km y0chiy0120 ea | |
| 101 | 0 | @achi |
| 105 | @a z 000yy | |
| 200 | 1 | @a机械原理辅导与习题@AJi Xie Yuan Li Fu Dao Yu Xi Ti@f申永胜主编@FShen Yong Sheng Zhu Bian |
| 210 | @a北京@c清华大学出版社@d2000.04 | |
| 215 | @a254页@d16开 | |
| 606 | 0 | @a机构学 |
| 690 | @aTH111-44@v3 | |
| 701 | 0 | @a申永胜@4主编 |
| 801 | @aCN@bPftUser@c20000625 | |
| 905 | @b59961-980@dTH111-44@eSH799@f20 | |
| 机械原理辅导与习题/申永胜主编.-北京:清华大学出版社,2000.04 |
| 254页;16开 |
| ISBN 7-302-03716-7:16.00元 |
| ● |
| 相关链接 |
|
|
|
正题名:机械原理辅导与习题
索取号:TH111-44/SH799
 
预约/预借
| 序号 | 登录号 | 条形码 | 馆藏地/架位号 | 状态 | 备注 |
| 1 | 59961 | 200599619 | 自科二线504/504自科库 13排3列3层/ [索取号:TH111-44/SH799] | 在馆 | |
| 2 | 59962 | 200599628 | 自科库501/501自科库 32排1列4层/ [索取号:TH111-44/SH799] | 在馆 | |
| 3 | 59963 | 200599637 | 自科二线504/504自科库 13排3列3层/ [索取号:TH111-44/SH799] | 在馆 | |
| 4 | 59964 | 200599646 | 期刊室512/501自科库 32排1列4层/ [索取号:TH111-44/SH799] | 在馆 | |
| 5 | 59965 | 200599655 | 自科二线504/504自科库 13排3列3层/ [索取号:TH111-44/SH799] | 在馆 | |
| 6 | 59966 | 200599664 | 自科二线504/504自科库 13排3列3层/ [索取号:TH111-44/SH799] | 在馆 | |
| 7 | 59967 | 200599673 | 自科二线504/504自科库 13排3列3层/ [索取号:TH111-44/SH799] | 在馆 | |
| 8 | 59968 | 200599682 | 自科二线504/504自科库 13排3列3层/ [索取号:TH111-44/SH799] | 在馆 | |
| 9 | 59969 | 200599691 | 自科二线504/504自科库 13排3列3层/ [索取号:TH111-44/SH799] | 在馆 | |
| 10 | 59970 | 200599708 | 自科二线504/504自科库 13排3列3层/ [索取号:TH111-44/SH799] | 在馆 | |
| 11 | 59971 | 200599717 | 自科二线504/504自科库 13排3列3层/ [索取号:TH111-44/SH799] | 在馆 | |
| 12 | 59972 | 200599726 | 期刊室512/501自科库 32排1列4层/ [索取号:TH111-44/SH799] | 在馆 | |
| 13 | 59973 | 200599735 | 自科库501/501自科库 32排1列4层/ [索取号:TH111-44/SH799] | 在馆 | |
| 14 | 59974 | 200599744 | 期刊室512/501自科库 32排1列4层/ [索取号:TH111-44/SH799] | 在馆 | |
| 15 | 59975 | 200599753 | 自科二线504/504自科库 13排3列3层/ [索取号:TH111-44/SH799] | 在馆 | |
| 16 | 59976 | 200599762 | 自科二线504/504自科库 13排3列3层/ [索取号:TH111-44/SH799] | 在馆 | |
| 17 | 59977 | 200599771 | 自科二线504/504自科库 13排3列3层/ [索取号:TH111-44/SH799] | 在馆 | |
| 18 | 59978 | 200599780 | 期刊室512/501自科库 32排1列4层/ [索取号:TH111-44/SH799] | 在馆 | |
| 19 | 59979 | 200599799 | 期刊室512/501自科库 32排1列4层/ [索取号:TH111-44/SH799] | 在馆 | |
| 20 | 59980 | 200599806 | 自科二线504/504自科库 13排3列3层/ [索取号:TH111-44/SH799] | 在馆 |